000 00653nam a2200253 a 4500
001 adlib96000001
003 ViArRB
005 200902210153555.7
008 960221s1955 dcuabcdjdbkoqu001 0deng d
020 _a9788131401460
022 _a
040 _aAdlib
082 _a339.5
245 _aRetail industry:changing trends
250 _a
260 _aHydrabad
_bICFAI University
_c2006
300 _a207p
_c
500 _a
100 _aKeskar, Dhananjay
_eed. by
700 _a
_a
942 _cBK
653 _aRetail sector
952 _w2010-06-16
_p00059911
_r2010-06-16
_40
_00
_bUL
_10
_o339.5 KES
_d2010-06-16
_70
_yBK
_aUL
999 _c56430
_d56429